000 00918nam a2200253Ia 4500
003 GCL
008 140319s9999 xx 000 0 ara d
020 _a7995526977
040 _aGCL /
_cGCL
082 0 4 _a153.12
_bف ا
100 1 _aفتحى مصطفى الزيات
245 1 0 _aالاسس البيولوجية والنفسية للنشاط العقلى المعرفى :
_bالمعرفة و الذاكرة و الابتكار /
_cفتحى مصطفى الزيات
250 _aالاولى
260 _aالقاهرة :
_bدار النشر الجامعية ،
_c1998
300 _a633 ص ؛
_c24 سم
490 _aسلسلة علم النفس المعرفى
_v3
650 0 4 _aعلم النفس التربوى
650 0 4 _aالذاكرة
650 0 4 _aالمعرفة
650 0 4 _aالادراك
650 0 4 _aالابتكار
650 0 4 _aالتفكير - ( علم النفس )
942 _2ddc
_cBK
999 _c6390
_d6390